English middle classes (Record no. 372297)

000 -LEADER
fixed length control field 00365cam a22001337a 4500
008 - FIXED-LENGTH DATA ELEMENTS--GENERAL INFORMATION
fixed length control field 180718b1950 xxu||||| |||| 00| 0 eng d
082 ## - DEWEY DECIMAL CLASSIFICATION NUMBER
Classification number B123x42 L588
100 ## - MAIN ENTRY--PERSONAL NAME
Personal name Lewis, Roy
245 ## - TITLE STATEMENT
Title English middle classes
Statement of responsibility, etc. by Roy Lewis and Angus Maude
260 ## - PUBLICATION, DISTRIBUTION, ETC.
Place of publication, distribution, etc. London
Name of publisher, distributor, etc. Phoneix House
Date of publication, distribution, etc. 1950
300 ## - PHYSICAL DESCRIPTION
Extent 320p.
650 ## - SUBJECT ADDED ENTRY--TOPICAL TERM
Topical term or geographic name entry element Middle Classes - UK
700 ## - ADDED ENTRY--PERSONAL NAME
Personal name Maude, Angus
Holdings
Withdrawn status Lost status Damaged status Not for loan Permanent Location Current Location Date acquired Full call number Barcode Date last seen Price effective from Koha item type
        Indian Institute of Public Administration Indian Institute of Public Administration 2009-03-26 B123x42 L588 17906 2018-07-21 2018-07-21 Book
        Indian Institute of Public Administration Indian Institute of Public Administration 1994-06-15 B123x42 L588 14443 2018-07-21 2018-07-21 Book

Powered by Koha